| 000 -LEADER |
| fixed length control field |
01013nam a22002537a 4500 |
| 008 - FIXED-LENGTH DATA ELEMENTS--GENERAL INFORMATION |
| fixed length control field |
131125b xxu||||| |||| 00| 0 alb d |
| 020 ## - INTERNATIONAL STANDARD BOOK NUMBER |
| International Standard Book Number |
9951402194 |
| 041 ## - LANGUAGE CODE |
| Language code of text/sound track or separate title |
alb |
| 080 ## - UNIVERSAL DECIMAL CLASSIFICATION NUMBER |
| Universal Decimal Classification number |
342.7 -058.64 |
| 245 00 - TITLE STATEMENT |
| Title |
Rastet kryesore të komitetit për të drejtat e njeriut / |
| 260 ## - |
| -- |
Prishtinë : |
| -- |
Turku : |
| -- |
Åbo : |
| -- |
Instituti për të Drejtat e Njeriut ; |
| -- |
Finnish - OHCHR Human Rights Support Programma - Kosovo ; |
| -- |
Universiteti Åbo Akademi ; |
| -- |
"Leo Print" |
| -- |
2004 |
| 300 ## - |
| -- |
524 f. ; |
| -- |
24 cm. |
| 500 ## - |
| -- |
Parathënia :f. 7 - 8 |
| 500 ## - |
| -- |
Parathënia për botimin në gjuhën shqipe : f. 9 |
| 505 ## - |
| -- |
Bibliografia e shkurtër: f. 510 |
| 505 ## - |
| -- |
Burimet dhe literatura t: f. 511 - 512 |
| 505 ## - |
| -- |
Indeksi: f. 518 - 524 |
| 650 #0 - |
| -- |
Të drejtat e njeriut |
| 700 1# - |
| -- |
Hanski, Raija |
| 700 1# - |
| -- |
Scheinin, Martin |
| 700 1# - |
| -- |
Hasani, Enver |
| 700 1# - |
| -- |
Sejdiu, Bekim |
| 942 ## - ADDED ENTRY ELEMENTS (KOHA) |
| Source of classification or shelving scheme |
|
| Item type |
Books |